Space Cadet Tracklist (Beabadoobee) - Statistics

General Stats
  • This quiz has been taken 27 times
  • The average score is 3 of 5
Answer Stats
Hint Answer % Correct
5 Space Cadet
81%
2 I Wish I Was Stephen Malkmus
71%
1 Are You Sure
62%
3 Sun More Often
62%
4 She Plays Base
10%
No matching quizzes found
Score Distribution
Percent of People with Each Score
Percentile by Number Answered
Your Score History
You have not taken this quiz